000 00640nam a2200241Ia 4500
003 OSt
005 20220918173547.0
006 a|||||r|||| 00| 0
007 ta
008 220917b |||||||| |||| 00| 0 eng d
024 _a7,060
037 _cTextual
040 _aARTS
_cARTS
_beng
041 _2eng
_aeng
082 _a2:97, N5 (2D)
100 _aHamilton Feona.
_946056
245 0 _aCurrent awareness , current teachniques
260 _aEngland
_bGower Pub
_c1995
300 _axii,175p
_ccm.
650 _aLIBRARY SCIENCE
942 _h2:97, N5 (2D)
_cTEXL
_2CC
999 _c149009
_d149009